| 000 | 00501nam a2200181 a 4500 | ||
|---|---|---|---|
| 001 | 5860 | ||
| 003 | CDMR | ||
| 005 | 20131025134406.0 | ||
| 008 | 130220s2005||||||||||||||||||||||||||||d | ||
| 040 |
_aCDMR _bcat _cCDMR |
||
| 100 | 1 |
_aUrdaci, Alfredo _92886 |
|
| 245 | 1 | 0 |
_aDías de ruido y furia _b: la televisión que me tocó vivir _cAlfredo Urdaci |
| 250 | _a5a ed. | ||
| 260 |
_aBarcelona _bPlaza & Janés _c2005 |
||
| 300 |
_a351 p. ; _c23 cm |
||
| 650 | 0 | 4 |
_91780 _aTelevisió _zEspanya |
| 942 |
_cMON _2udc |
||
| 999 |
_c5860 _d5860 |
||